LDR 01171naa#a2200193#i#450# 001 RU\\bibl\123196 005 20260513082051.3 011 ## _a2409-1073 100 ## _a20231220b2023####ek#y0rusy0150####ca 102 ## _aRU 200 1# _aРегиональный аспект потребления доступной роскоши в условиях санкций (на примере iPhone) _eЖурнальная статья 210 1# _aМосква _cФедеральное государственное автономное образовательное учреждение высшего образования Национальный исследовательский университет "Московский институт электронной техники" _d2023 215 ## _a0 с. 608 ## _aЖурнальная статья _2local 675 ## _aРегиональная экономика. Территориальная экономика. 332.1 _z 700 #1 _aСтрижак _gАнна Ю. 700 #1 _aДмитриченко _gЛилия Ивановна 700 #1 _aДадашова _gТатьяна Александровна 856 4# _aesgi-journal.ru _u